000 00451nam a2200169 a 4500
001 0000-8523
003 ELIB.Books
008 110520 1968
035 _a(ELIB.Books)0000-8668
082 _a236.21
_bW.T
100 _aW.T.B.
245 _aThe Truth that Leads to Eternal Life
260 _bNew York: Watch Tower Bible and Treact Society of
_c1968
650 _aEschatology
942 _2ddc
_cBK
998 _cbat
_e2011-05-20
999 _c8523
_d8523